[Event "interzonal (w)"]
[Site "Smederevska Palanka YUG"]
[Date "1987.07.16"]
[Round "1"]
[White "De Armas Perez, Asela"]
[Black "Nyberg, Christina"]
[Result "1-0"]
[WhiteElo "2220"]
[BlackElo "2045"]
[EventDate "1987.07.16"]
[PlyCount "93"]

1.e4 e6 2.d4 d5 3.Nd2 Nf6 4.e5 Nfd7 5.Bd3 c5 6.c3 Nc6 7.Ne2 cxd4 8.cxd4 f6
9.exf6 Nxf6 10.Nf3 Bd6 11.Bf4 Bxf4 12.Nxf4 Qd6 13.g3 O-O 14.O-O e5 15.dxe5
Nxe5 16.Nxe5 Qxe5 17.Re1 Qxb2 18.Rb1 Qa3 19.Nxd5 Nxd5 20.Bc4 Qc5 21.Qxd5+ 
Qxd5 22.Bxd5+ Kh8 23.Bxb7 Rb8 24.Bxc8 Rxb1 25.Rxb1 Rxc8 26.Rb7 Ra8 27.a4 
a5 28.h4 h6 29.Kg2 Kh7 30.h5 Ra6 31.f3 Kg8 32.g4 Kf8 33.Kg3 Kg8 34.Rc7 Kf8
35.Kf2 Rb6 36.Ra7 Rb2+ 37.Kg3 Rb4 38.Rxa5 Kf7 39.Ra7+ Kf6 40.a5 Ra4 41.a6 
Ra5 42.Ra8 Ra4 43.a7 Kf7 44.Kf2 Ra3 45.Ke2 Ra5 46.f4 Ra4 47.g5 1-0

[Event "interzonal (w)"]
[Site "Smederevska Palanka YUG"]
[Date "1987.07.16"]
[Round "1"]
[White "Gaprindashvili, Nona"]
[Black "Maric, Alisa"]
[Result "0-1"]
[WhiteElo "2495"]
[BlackElo "2360"]
[EventDate "1987.07.16"]
[PlyCount "80"]

1.d4 d5 2.c4 e6 3.Nf3 Nf6 4.Bg5 Be7 5.Nc3 h6 6.Bh4 O-O 7.e3 b6 8.Qb3 Bb7 
9.Bxf6 Bxf6 10.cxd5 exd5 11.Rd1 Re8 12.Bd3 c6 13.O-O Nd7 14.Rfe1 Nf8 15.
Bb1 Qd7 16.a3 Rad8 17.Ba2 c5 18.dxc5 bxc5 19.e4 d4 20.Nd5 Bxd5 21.exd5 Ng6
22.Qc4 Nf4 23.h3 Rxe1+ 24.Nxe1 Qxd5 25.Qxd5 Nxd5 26.Nd3 Be7 27.Rc1 Nb6 28.
Ne5 c4 29.Bxc4 Nxc4 30.Nc6 d3 31.Nxd8 d2 32.Rd1 Bg5 33.Nc6 Nxb2 34.Rb1 
d1=Q+ 35.Rxd1 Nxd1 36.Nxa7 Be7 37.Nb5 Bc5 38.a4 Nxf2 39.Kf1 Ne4 40.a5 Nd6 
0-1

[Event "interzonal (w)"]
[Site "Smederevska Palanka YUG"]
[Date "1987.07.16"]
[Round "1"]
[White "Arkell, Susan"]
[Black "Chaves, Joara"]
[Result "1-0"]
[WhiteElo "2335"]
[BlackElo "2130"]
[EventDate "1987.07.16"]
[PlyCount "78"]

1.e4 c5 2.c3 d6 3.d4 Nf6 4.Bd3 cxd4 5.cxd4 Nc6 6.Ne2 g6 7.Nbc3 Bg7 8.O-O 
O-O 9.Bg5 Qb6 10.Bxf6 Bxf6 11.Nd5 Qxb2 12.Qa4 Qd2 13.Nxf6+ exf6 14.Bb5 a6 
15.Bxc6 Qxe2 16.Rfe1 Qd2 17.Bd5 Rb8 18.Rad1 Qg5 19.Qa3 Rd8 20.Qb3 Rf8 21.
Rc1 f5 22.Rc7 fxe4 23.Rxe4 Bd7 24.h4 Qd8 25.Rxb7 Rxb7 26.Qxb7 Be6 27.Bxe6 
fxe6 28.Qxa6 Qf6 29.f3 Kg7 30.Qxd6 Rd8 31.Qxe6 Qxe6 32.Rxe6 Rxd4 33.Re7+ 
Kh6 34.g4 g5 35.Re6+ Kg7 36.hxg5 Rd2 37.Ra6 Rd5 38.Kg2 Rxg5 39.Kg3 Rc5 1-0

[Event "interzonal (w)"]
[Site "Smederevska Palanka YUG"]
[Date "1987.07.16"]
[Round "1"]
[White "Markovic-Jovanovic, Gordana"]
[Black "Litinskaya, Marta"]
[Result "0-1"]
[WhiteElo "2335"]
[BlackElo "2415"]
[EventDate "1987.07.16"]
[PlyCount "78"]

1.e4 c5 2.Nf3 e6 3.d4 cxd4 4.Nxd4 Nf6 5.Nc3 d6 6.Be3 a6 7.Qd2 Nbd7 8.f3 b5
9.g4 h6 10.O-O-O Bb7 11.Kb1 Rc8 12.Bd3 Ne5 13.h4 b4 14.Nce2 d5 15.exd5 
Nxd3 16.Qxd3 Nxd5 17.g5 Nxe3 18.Qxe3 hxg5 19.hxg5 Rxh1 20.Rxh1 g6 21.Rh8 
Qd6 22.f4 Bd5 23.f5 gxf5 24.g6 fxg6 25.Qh6 Kd7 26.Qxg6 Be7 27.Rh7 Bc4 28.
Qg1 Qc5 29.Qd1 Qd6 30.Qc1 Rg8 31.b3 Bd5 32.Nf4 Rg4 33.Nde2 Be4 34.a3 e5 
35.Nh5 f4 36.axb4 Bxh7 37.Qh1 Rh4 38.Qb7+ Ke6 39.Ng7+ Kf7 0-1

[Event "interzonal (w)"]
[Site "Smederevska Palanka YUG"]
[Date "1987.07.16"]
[Round "1"]
[White "Klimova-Richtrova, Eliska"]
[Black "Levitina, Irina"]
[Result "1-0"]
[WhiteElo "2380"]
[BlackElo "2350"]
[EventDate "1987.07.16"]
[PlyCount "83"]

1.e4 Nf6 2.e5 Nd5 3.d4 d6 4.Bc4 c6 5.Nf3 Bg4 6.O-O dxe5 7.dxe5 e6 8.Qe2 
Nd7 9.Nbd2 Be7 10.a3 O-O 11.h3 Bh5 12.Ba2 Bg5 13.Re1 Bf4 14.c4 Ne7 15.g4 
Bg6 16.Nb3 Bxc1 17.Raxc1 c5 18.Rcd1 Qc7 19.Rd6 Rad8 20.Red1 Nc6 21.Kf1 b6 
22.Nc1 Ndb8 23.Bb3 Qb7 24.Qe3 Rxd6 25.exd6 Nd7 26.Ba4 Ncb8 27.Nd3 Qe4 28.
Nde5 Qxe3 29.fxe3 Nxe5 30.Nxe5 Rd8 31.Nxg6 hxg6 32.b4 Nd7 33.Bxd7 Rxd7 34.
Ke2 f5 35.e4 fxe4 36.Ke3 Kf8 37.Kxe4 Ke8 38.Ke5 Rf7 39.bxc5 bxc5 40.Rb1 
Rf3 41.Kxe6 Re3+ 42.Kd5 1-0

[Event "interzonal (w)"]
[Site "Smederevska Palanka YUG"]
[Date "1987.07.16"]
[Round "1"]
[White "Lelchuk, Zoya"]
[Black "An Yangfeng"]
[Result "1-0"]
[WhiteElo "2340"]
[BlackElo "2280"]
[EventDate "1987.07.16"]
[PlyCount "91"]

1.c4 e5 2.Nc3 Nc6 3.g3 g6 4.Bg2 Bg7 5.e3 d6 6.Nge2 Nge7 7.O-O O-O 8.d3 Bd7
9.h3 Kh8 10.Rb1 a5 11.Bd2 Bf5 12.e4 Be6 13.Kh2 Qd7 14.Nd5 f5 15.f4 Rf7 16.
a3 Raf8 17.b4 axb4 18.axb4 Nc8 19.b5 Nd8 20.Qa4 h6 21.Bc3 Kh7 22.Qa1 c6 
23.Ne3 Qc7 24.exf5 gxf5 25.b6 Qb8 26.d4 e4 27.d5 Bd7 28.g4 fxg4 29.hxg4 
Re8 30.Ng3 cxd5 31.cxd5 Ne7 32.Bxg7 Rxg7 33.Nh5 Rf7 34.Nf6+ Rxf6 35.Qxf6 
Ng8 36.Qd4 Nf7 37.Bxe4+ Rxe4 38.Qxe4+ Kg7 39.Qd4+ Kf8 40.Rbc1 Qd8 41.Kg3 
Ne7 42.Rh1 Ng6 43.Rc7 Ne7 44.Rxb7 Bxg4 45.Rxe7 Qxe7 46.Nxg4 1-0

[Event "interzonal (w)"]
[Site "Smederevska Palanka YUG"]
[Date "1987.07.16"]
[Round "1"]
[White "Voiska, Margarita"]
[Black "Izrailov, Inna"]
[Result "0-1"]
[WhiteElo "2350"]
[BlackElo "2120"]
[EventDate "1987.07.16"]
[PlyCount "136"]

1.d4 Nf6 2.Nf3 g6 3.c4 d6 4.Nc3 Bg7 5.Bg5 h6 6.Bh4 g5 7.Bg3 Nh5 8.e3 Nxg3 
9.hxg3 Bf5 10.Bd3 Bxd3 11.Qxd3 c6 12.Nd2 Nd7 13.Nde4 Qa5 14.g4 O-O-O 15.
Ng3 e6 16.Nh5 Bf6 17.O-O-O Be7 18.Kb1 Nb6 19.Rc1 Qa6 20.Ne4 d5 21.Nc5 Bxc5
22.dxc5 Nxc4 23.Qc3 Qa5 24.Qxa5 Nxa5 25.Ng3 Nc4 26.Rh2 Ne5 27.f3 Ng6 28.
Ne2 Rh7 29.Rch1 Rdh8 30.Ng3 Kd7 31.Kc2 Ke7 32.Rf1 Rf8 33.Rfh1 Nh4 34.e4 
Rd8 35.Kc3 Rhh8 36.b4 Rd7 37.exd5 Rxd5 38.Ne4 f5 39.gxf5 exf5 40.Nd6 b6 
41.Re1+ Kd7 42.f4 bxc5 43.Nf7 cxb4+ 44.Kxb4 Rb8+ 45.Kc4 Rb2 46.fxg5 hxg5 
47.Nxg5 Rc2+ 48.Kb3 Rxg2 49.Rxh4 Rxg5 50.Rh7+ Kd6 51.Rxa7 f4 52.Rf1 Rgf5 
53.Kc4 f3 54.Ra3 Rf4+ 55.Kc3 f2 56.Kc2 Ke5 57.Re3+ Kd4 58.Kd2 Ra5 59.Rd3+ 
Ke4 60.Re3+ Kf5 61.a3 Rb5 62.a4 Ra5 63.Ra3 Kg4 64.Ke2 Re5+ 65.Kd2 Rf3 66.
Raa1 Ra5 67.Ke2 Kg3 68.Rh1 Re5+ 0-1

[Event "interzonal (w)"]
[Site "Smederevska Palanka YUG"]
[Date "1987.07.16"]
[Round "1"]
[White "Wu Mingqian"]
[Black "Madl, Ildiko"]
[Result "0-1"]
[WhiteElo "2205"]
[BlackElo "2335"]
[EventDate "1987.07.16"]
[PlyCount "76"]

1.e4 c5 2.Nf3 d6 3.d4 cxd4 4.Nxd4 Nf6 5.Nc3 Nc6 6.g3 Nxd4 7.Qxd4 g6 8.Bg2 
Bg7 9.O-O O-O 10.Qb4 a5 11.Qb3 Be6 12.Qxb7 Nd7 13.Rd1 Bc4 14.Nd5 Rb8 15.
Qa7 Bxd5 16.Rxd5 Nc5 17.e5 Ra8 18.Qxc5 dxc5 19.Rxd8 Raxd8 20.Bf4 e6 21.Kf1
Rb8 22.b3 Rfd8 23.Re1 Bf8 24.Re4 Rb4 25.Re3 c4 26.a3 Rb6 27.bxc4 Bc5 28.
Rc3 Rb1+ 29.Ke2 Ra1 30.Bg5 Rb8 31.Rd3 Rxa3 32.Rd7 Rc3 33.Be4 Rxc4 34.Bd3 
Rd4 35.Rc7 Bb6 36.Rc6 Rd5 37.f4 Rc5 38.Rd6 a4 0-1

[Event "interzonal (w)"]
[Site "Smederevska Palanka YUG"]
[Date "1987.07.17"]
[Round "2"]
[White "An Yangfeng"]
[Black "Litinskaya, Marta"]
[Result "0-1"]
[WhiteElo "2280"]
[BlackElo "2415"]
[EventDate "1987.07.16"]
[PlyCount "122"]

1.d4 Nf6 2.c4 e6 3.Nf3 b6 4.a3 Bb7 5.Nc3 d5 6.cxd5 Nxd5 7.Qc2 Be7 8.e4 
Nxc3 9.bxc3 O-O 10.Bd3 c5 11.O-O Qc8 12.Qe2 cxd4 13.cxd4 Ba6 14.Bb2 Bxd3 
15.Qxd3 Qa6 16.Qb3 Nd7 17.Nd2 b5 18.f4 Nb6 19.f5 Na4 20.Bc1 Qb6 21.Nf3 
exf5 22.exf5 Rac8 23.Bd2 Bf6 24.Kh1 a6 25.Rad1 Rfe8 26.Ne5 Qa7 27.Ba5 Bxe5
28.dxe5 Rxe5 29.f6 Qe3 30.Rd3 Qe2 31.Rfd1 Rce8 32.Rf3 Nc5 33.Qb1 Ne4 34.
Re1 Ng3+ 35.hxg3 Qxe1+ 36.Qxe1 Rxe1+ 37.Bxe1 Rxe1+ 38.Kh2 Re4 39.fxg7 Kxg7
40.Kh3 h5 41.Rf5 Kg6 42.Rc5 f6 43.Rc6 Ra4 44.Rc3 Kf5 45.Kh2 Ke5 46.Kg1 Rc4
47.Rf3 Rc1+ 48.Kf2 Rc2+ 49.Kg1 Ra2 50.Kh2 Ra1 51.Re3+ Kd4 52.Rf3 Kc4 53.
Rf4+ Kc3 54.Rf3+ Kb2 55.Rxf6 Rxa3 56.Rf5 b4 57.Rxh5 b3 58.g4 Ka2 59.g5 b2 
60.g6 b1=Q 61.g7 Qb8+ 0-1

[Event "interzonal (w)"]
[Site "Smederevska Palanka YUG"]
[Date "1987.07.17"]
[Round "2"]
[White "Chaves, Joara"]
[Black "De Armas Perez, Asela"]
[Result "1/2-1/2"]
[WhiteElo "2130"]
[BlackElo "2220"]
[EventDate "1987.07.16"]
[PlyCount "41"]

1.b3 e5 2.Bb2 d6 3.g3 Nf6 4.Bg2 Be7 5.e3 O-O 6.c4 Nbd7 7.Nc3 c6 8.Nge2 Re8
9.O-O Bf8 10.e4 a5 11.d4 exd4 12.Nxd4 Nc5 13.Qc2 Bg4 14.h3 Bd7 15.Rad1 Qc8
16.g4 h5 17.g5 Bxh3 18.gxf6 Bxg2 19.Kxg2 Qg4+ 20.Kh1 Qh4+ 21.Kg1 1/2-1/2

[Event "interzonal (w)"]
[Site "Smederevska Palanka YUG"]
[Date "1987.07.17"]
[Round "2"]
[White "Izrailov, Inna"]
[Black "Wu Mingqian"]
[Result "1-0"]
[WhiteElo "2120"]
[BlackElo "2205"]
[EventDate "1987.07.16"]
[PlyCount "57"]

1.e4 e5 2.Nf3 Nc6 3.d4 exd4 4.Bc4 Be7 5.c3 Nf6 6.e5 Ne4 7.Bd5 Nc5 8.cxd4 
Ne6 9.O-O g5 10.Be3 h5 11.Nc3 g4 12.Ne1 f5 13.exf6 Bxf6 14.Nc2 Ne7 15.Qd3 
c6 16.Bxe6 dxe6 17.Ne4 Nd5 18.Rae1 b6 19.f3 Be7 20.Bd2 Kd7 21.fxg4 hxg4 
22.Rf7 Qg8 23.Ref1 Kd8 24.Qg3 Bd7 25.Qe5 Rh7 26.Rxh7 Qxh7 27.Ne3 Nxe3 28.
Bxe3 Kc8 29.Bf4 1-0

[Event "interzonal (w)"]
[Site "Smederevska Palanka YUG"]
[Date "1987.07.17"]
[Round "2"]
[White "Levitina, Irina"]
[Black "Markovic-Jovanovic, Gordana"]
[Result "1-0"]
[WhiteElo "2350"]
[BlackElo "2335"]
[EventDate "1987.07.16"]
[PlyCount "67"]

1.d4 e6 2.Nf3 f5 3.c4 Nf6 4.Nc3 d5 5.Bf4 c6 6.e3 Be7 7.Bd3 O-O 8.O-O Ne4 
9.Bc2 Nd7 10.Nxe4 fxe4 11.Nd2 Bf6 12.Bg3 Qe7 13.Qe2 b6 14.f3 exf3 15.Nxf3 
Ba6 16.b3 g6 17.e4 c5 18.exd5 exd5 19.Qxe7 Bxe7 20.Rfe1 Bf6 21.cxd5 cxd4 
22.Rad1 Rac8 23.Bb1 Nc5 24.d6 d3 25.b4 d2 26.Rxd2 Nd7 27.Bd3 Bb7 28.Rc2 
Rxc2 29.Bxc2 Rc8 30.Bb3+ Kf8 31.Bf4 Bxf3 32.Bh6+ Bg7 33.Bxg7+ Kxg7 34.gxf3
1-0

[Event "interzonal (w)"]
[Site "Smederevska Palanka YUG"]
[Date "1987.07.17"]
[Round "2"]
[White "Madl, Ildiko"]
[Black "Arkell, Susan"]
[Result "1/2-1/2"]
[WhiteElo "2335"]
[BlackElo "2335"]
[EventDate "1987.07.16"]
[PlyCount "65"]

1.e4 c6 2.d4 d5 3.exd5 cxd5 4.c4 Nf6 5.Nc3 g6 6.Qb3 Bg7 7.cxd5 O-O 8.Be2 
Nbd7 9.Bf3 Nb6 10.Bg5 Bf5 11.Rd1 a5 12.Nge2 Qd6 13.Bf4 Qb4 14.d6 exd6 15.
Bxb7 Ra7 16.Bf3 Nc4 17.O-O Nxb2 18.Nb5 Ra6 19.Rc1 Nd3 20.Rc6 Rxc6 21.Bxc6 
Nxf4 22.Nxf4 Rd8 23.Qxb4 axb4 24.Re1 Bh6 25.Nd5 Nxd5 26.Bxd5 Bd3 27.Na7 
Rd7 28.Nc6 Bb5 29.Nxb4 Bd2 30.Re8+ Kg7 31.Rb8 Bxb4 32.Rxb5 Bc3 33.Kf1 
1/2-1/2

[Event "interzonal (w)"]
[Site "Smederevska Palanka YUG"]
[Date "1987.07.17"]
[Round "2"]
[White "Maric, Alisa"]
[Black "Voiska, Margarita"]
[Result "1/2-1/2"]
[WhiteElo "2360"]
[BlackElo "2350"]
[EventDate "1987.07.16"]
[PlyCount "67"]

1.c4 Nf6 2.g3 c6 3.Nf3 d5 4.b3 Qb6 5.cxd5 cxd5 6.Bg2 e5 7.Nxe5 Qd4 8.Qc2 
Bc5 9.O-O Qxa1 10.Qxc5 Nbd7 11.Nxd7 Nxd7 12.Qe3+ Qe5 13.Qxe5+ Nxe5 14.Bb2 
f6 15.Bxd5 Nc6 16.Rc1 Bd7 17.Nc3 O-O-O 18.Nb5 Be8 19.Nxa7+ Kb8 20.Nxc6+ 
bxc6 21.Bf3 Rxd2 22.Ba3 Rxa2 23.Bd6+ Kb7 24.b4 Bd7 25.b5 Rc8 26.Rb1 Ka7 
27.Bc5+ Ka8 28.Rd1 Be8 29.Bf8 g6 30.Rd6 Kb7 31.Rxf6 Kb6 32.bxc6 Bxc6 33.
Bh6 Kb7 34.Rf7+ 1/2-1/2

[Event "interzonal (w)"]
[Site "Smederevska Palanka YUG"]
[Date "1987.07.17"]
[Round "2"]
[White "Nyberg, Christina"]
[Black "Klimova-Richtrova, Eliska"]
[Result "0-1"]
[WhiteElo "2045"]
[BlackElo "2380"]
[EventDate "1987.07.16"]
[PlyCount "80"]

1.d4 d6 2.c4 e5 3.d5 f5 4.Nc3 Nf6 5.Qc2 g6 6.Bg5 Bg7 7.e4 a5 8.Be2 Na6 9.
Nf3 Nc5 10.Nd2 h6 11.Be3 b6 12.f3 O-O 13.O-O-O Bd7 14.Rhg1 f4 15.Bf2 Qe8 
16.g4 fxg3 17.hxg3 h5 18.Be3 a4 19.Rdf1 a3 20.b3 Qc8 21.Rf2 Rf7 22.Nf1 Qf8
23.Nh2 Bh6 24.Bxh6 Qxh6+ 25.Kb1 Nfxe4 26.Nxe4 Nxe4 27.Rff1 Nd2+ 28.Ka1 e4 
29.Rc1 exf3 30.Bd3 Qg7+ 31.Qc3 Bf5 32.Bxf5 Rxf5 33.Qxg7+ Kxg7 34.Nf1 f2 
35.Rh1 Nxf1 36.Rhxf1 Re8 37.Kb1 Kh6 38.Rcd1 Re2 39.Rc1 Kg5 40.b4 Rfe5 0-1

[Event "interzonal (w)"]
[Site "Smederevska Palanka YUG"]
[Date "1987.07.17"]
[Round "2"]
[White "Lelchuk, Zoya"]
[Black "Gaprindashvili, Nona"]
[Result "1/2-1/2"]
[WhiteElo "2340"]
[BlackElo "2495"]
[EventDate "1987.07.16"]
[PlyCount "58"]

1.c4 e6 2.Nf3 d5 3.d4 Nf6 4.e3 c5 5.Nc3 Nc6 6.cxd5 exd5 7.Be2 Bd6 8.dxc5 
Bxc5 9.O-O O-O 10.b3 Bg4 11.Bb2 Rc8 12.Rc1 Qe7 13.h3 Be6 14.Bd3 Rfd8 15.
Ne2 Ne4 16.Ned4 Bd7 17.Qe2 Re8 18.Rfd1 Nxd4 19.Nxd4 a6 20.Qh5 Nf6 21.Qh4 
Ba3 22.Rxc8 Bxc8 23.Nf5 Bxf5 24.Bxf6 Qe6 25.Bxf5 Qxf5 26.Qa4 Rc8 27.Qxa3 
Qxf6 28.Rc1 Rc6 29.Rxc6 Qxc6 1/2-1/2

[Event "interzonal (w)"]
[Site "Smederevska Palanka YUG"]
[Date "1987.07.18"]
[Round "3"]
[White "De Armas Perez, Asela"]
[Black "Madl, Ildiko"]
[Result "0-1"]
[WhiteElo "2220"]
[BlackElo "2335"]
[EventDate "1987.07.16"]
[PlyCount "78"]

1.e4 c5 2.Nf3 d6 3.d4 cxd4 4.Nxd4 Nf6 5.Nc3 Nc6 6.Nde2 g6 7.g3 b6 8.Bg2 
Ba6 9.O-O Bg7 10.b3 O-O 11.Bb2 Rc8 12.Rb1 Nd7 13.Nd5 Bxb2 14.Rxb2 e6 15.
Ne3 Qf6 16.Rb1 Bxe2 17.Qxe2 Nd4 18.Qd1 Nb5 19.Qd3 Nc3 20.Rbe1 Ne5 21.Qd2 
Nf3+ 22.Bxf3 Qxf3 23.Nc4 Nxe4 24.Rxe4 Qxe4 25.Nxd6 Qxc2 26.Qh6 Rc5 27.Re1 
Qc3 28.Re3 Qc1+ 29.Kg2 Re5 30.Nc4 Rxe3 31.Nxe3 Qc6+ 32.f3 f5 33.Nc4 b5 34.
Ne5 Qc2+ 35.Kh3 f4 36.g4 Qc3 37.Qg5 Qc5 38.Kg2 Qd5 39.h4 Qd2+ 0-1

[Event "interzonal (w)"]
[Site "Smederevska Palanka YUG"]
[Date "1987.07.18"]
[Round "3"]
[White "Gaprindashvili, Nona"]
[Black "An Yangfeng"]
[Result "1-0"]
[WhiteElo "2495"]
[BlackElo "2280"]
[EventDate "1987.07.16"]
[PlyCount "113"]

1.d4 Nf6 2.c4 g6 3.Nc3 d5 4.cxd5 Nxd5 5.e4 Nxc3 6.bxc3 Bg7 7.Nf3 c5 8.Rb1 
O-O 9.Be2 cxd4 10.cxd4 Qa5+ 11.Qd2 Qxd2+ 12.Bxd2 b6 13.O-O Bb7 14.d5 Na6 
15.Bg5 f6 16.Be3 f5 17.Ng5 fxe4 18.Bc4 Rfc8 19.Bb3 Nc5 20.Bxc5 Rxc5 21.
Rfd1 Rb5 22.d6+ Rxb3 23.axb3 exd6 24.Rxd6 h6 25.Ne6 Be5 26.Rdd1 Re8 27.Rd8
Rxd8 28.Nxd8 Ba6 29.Rc1 Bd3 30.Rc8 Kg7 31.Nc6 Bd6 32.Rd8 Bc5 33.b4 Bf8 34.
Rd7+ Kf6 35.Rxa7 Bd6 36.g3 Ke6 37.Rb7 b5 38.Nd4+ Kd5 39.Nxb5 Bxb4 40.Nc7+ 
Kc4 41.Ne6 Bd2 42.Rc7+ Kb4 43.Nf4 g5 44.Nd5+ Kb3 45.Ne3 h5 46.Rc5 Be2 47.
Rxg5 Kc3 48.Rc5+ Kd3 49.Rd5+ Kc3 50.Kg2 Be1 51.h3 Bd2 52.g4 Bxe3 53.fxe3 
hxg4 54.h4 Kc4 55.Rd4+ Kc3 56.Kg3 Bd3 57.Kxg4 1-0

[Event "interzonal (w)"]
[Site "Smederevska Palanka YUG"]
[Date "1987.07.18"]
[Round "3"]
[White "Arkell, Susan"]
[Black "Izrailov, Inna"]
[Result "1/2-1/2"]
[WhiteElo "2335"]
[BlackElo "2120"]
[EventDate "1987.07.16"]
[PlyCount "65"]

1.e4 c5 2.c3 Nf6 3.e5 Nd5 4.d4 cxd4 5.Nf3 e6 6.cxd4 b6 7.Bd3 Bb4+ 8.Bd2 
Bxd2+ 9.Qxd2 Ba6 10.O-O O-O 11.Re1 Bxd3 12.Qxd3 Nc6 13.Nbd2 Ncb4 14.Qb3 f6
15.Ne4 Qe8 16.a3 Nc6 17.Rad1 Qg6 18.Ng3 f5 19.Qd3 h6 20.Rc1 Qf7 21.h4 g6 
22.Qd2 Qg7 23.Rc2 Nce7 24.b4 Kh8 25.Kh2 Kh7 26.Rec1 Qg8 27.Kg1 Rfc8 28.Ne2
Rxc2 29.Rxc2 Rc8 30.b5 Qd8 31.Ne1 Rxc2 32.Qxc2 Qc7 33.f4 1/2-1/2

[Event "interzonal (w)"]
[Site "Smederevska Palanka YUG"]
[Date "1987.07.18"]
[Round "3"]
[White "Litinskaya, Marta"]
[Black "Levitina, Irina"]
[Result "1/2-1/2"]
[WhiteElo "2415"]
[BlackElo "2350"]
[EventDate "1987.07.16"]
[PlyCount "66"]

1.d4 Nf6 2.c4 g6 3.Nc3 d5 4.cxd5 Nxd5 5.Nf3 Bg7 6.e4 Nxc3 7.bxc3 c5 8.Bb5+
Bd7 9.Bxd7+ Qxd7 10.O-O O-O 11.Rb1 cxd4 12.cxd4 Rd8 13.Be3 b6 14.Rc1 e6 
15.Qe2 Nc6 16.Rfd1 Rac8 17.Qb5 Ne5 18.Qxd7 Nxd7 19.a4 e5 20.d5 Bf8 21.a5 
Bc5 22.Bxc5 Rxc5 23.Rxc5 Nxc5 24.Nxe5 Nxe4 25.Nc6 Rd7 26.f3 Nf6 27.a6 Kf8 
28.d6 Ne8 29.Kf2 Nxd6 30.Rd5 f6 31.Nb8 Rd8 32.Nc6 Rd7 33.Nb8 Rd8 1/2-1/2

[Event "interzonal (w)"]
[Site "Smederevska Palanka YUG"]
[Date "1987.07.18"]
[Round "3"]
[White "Markovic-Jovanovic, Gordana"]
[Black "Nyberg, Christina"]
[Result "1-0"]
[WhiteElo "2335"]
[BlackElo "2045"]
[EventDate "1987.07.16"]
[PlyCount "77"]

1.e4 e6 2.d4 d5 3.e5 c5 4.c3 Nc6 5.Nf3 Nge7 6.Bd3 cxd4 7.cxd4 Nf5 8.Bxf5 
exf5 9.Nc3 Be6 10.Ne2 Be7 11.Nf4 Qb6 12.O-O h6 13.h4 g6 14.g3 O-O-O 15.Kg2
Kb8 16.Rb1 Bc8 17.Ne2 Rdg8 18.Rh1 Qd8 19.Qd2 Qd7 20.b4 Nd8 21.b5 b6 22.a4 
Ne6 23.a5 g5 24.axb6 axb6 25.Qa2 gxh4 26.Nxh4 Rg4 27.Nxf5 Bf8 28.Ra1 Qb7 
29.Ba3 Nf4+ 30.Nxf4 Bxf5 31.Bxf8 Rxf8 32.Qa3 Rd8 33.Rxh6 Rg7 34.Rf6 Bh7 
35.Rd6 Rdg8 36.Nh5 Rg5 37.Nf6 Be4+ 38.Kf1 Rh8 39.Rxb6 1-0

[Event "interzonal (w)"]
[Site "Smederevska Palanka YUG"]
[Date "1987.07.18"]
[Round "3"]
[White "Klimova-Richtrova, Eliska"]
[Black "Chaves, Joara"]
[Result "1-0"]
[WhiteElo "2380"]
[BlackElo "2130"]
[EventDate "1987.07.16"]
[PlyCount "47"]

1.d4 Nf6 2.Nf3 c5 3.d5 d6 4.Nc3 e5 5.e4 Be7 6.Bb5+ Nbd7 7.a4 O-O 8.h3 Rb8 
9.Qe2 Ne8 10.g4 g6 11.Qe3 Ng7 12.Bd3 Kh8 13.Qh6 f6 14.Qe3 f5 15.gxf5 gxf5 
16.exf5 Nxf5 17.Bxf5 Rxf5 18.h4 Nf6 19.Qd3 Qf8 20.Ng5 Ng4 21.Nce4 h6 22.f3
hxg5 23.hxg5+ Kg8 24.fxg4 1-0

[Event "interzonal (w)"]
[Site "Smederevska Palanka YUG"]
[Date "1987.07.18"]
[Round "3"]
[White "Voiska, Margarita"]
[Black "Lelchuk, Zoya"]
[Result "0-1"]
[WhiteElo "2350"]
[BlackElo "2340"]
[EventDate "1987.07.16"]
[PlyCount "76"]

1.d4 Nf6 2.Nf3 d6 3.g3 g6 4.Bg2 Bg7 5.O-O O-O 6.c4 c6 7.Nc3 Bf5 8.Nh4 Bd7 
9.Re1 e5 10.d5 cxd5 11.cxd5 a5 12.Nf3 Na6 13.Nd2 b5 14.Nde4 b4 15.Nxf6+ 
Qxf6 16.Ne4 Qe7 17.Be3 h6 18.Nd2 Rfc8 19.Bb6 Rcb8 20.Be3 Bb5 21.Rc1 Rc8 
22.Nb3 Qd8 23.Qd2 Kh7 24.Be4 a4 25.Na1 Qd7 26.Rxc8 Rxc8 27.Nc2 f5 28.Bg2 
Bc4 29.Nxb4 Nxb4 30.Qxb4 Bxa2 31.Bd2 e4 32.Bf4 Rc5 33.f3 Bxd5 34.fxe4 fxe4
35.Rd1 Qb5 36.Qxb5 Rxb5 37.Bxd6 Bxb2 38.Kf2 a3 0-1

[Event "interzonal (w)"]
[Site "Smederevska Palanka YUG"]
[Date "1987.07.18"]
[Round "3"]
[White "Wu Mingqian"]
[Black "Maric, Alisa"]
[Result "0-1"]
[WhiteElo "2205"]
[BlackElo "2360"]
[EventDate "1987.07.16"]
[PlyCount "90"]

1.e4 c5 2.Nf3 Nc6 3.d4 cxd4 4.Nxd4 Qc7 5.Nc3 e6 6.Be3 a6 7.Be2 Nf6 8.f4 d6
9.O-O Be7 10.a4 O-O 11.Kh1 Re8 12.Nb3 b6 13.Qe1 Bb7 14.Qg3 Nb4 15.Bd3 Nd7 
16.Rad1 Bf6 17.Nd4 Nc5 18.Nde2 Rad8 19.Qf2 Bc6 20.a5 bxa5 21.Bxc5 dxc5 22.
Qxc5 Be7 23.Qe3 Qb7 24.Nc1 f5 25.Qh3 Nxd3 26.Nxd3 Bxe4 27.Nxe4 Qxe4 28.
Rde1 Qc6 29.Re2 Bf6 30.b3 a4 31.bxa4 Qxa4 32.Qf3 Rc8 33.Qb7 Qc6 34.Qxc6 
Rxc6 35.Nb4 Rd6 36.c4 Rc8 37.Rc2 a5 38.Na2 Rdc6 39.Rfc1 Be7 40.Rc3 Bb4 41.
Nxb4 axb4 42.Rb3 Rxc4 43.Rxc4 Rxc4 44.g3 Kf7 45.Kg2 Ke7 0-1

[Event "interzonal (w)"]
[Site "Smederevska Palanka YUG"]
[Date "1987.07.19"]
[Round "4"]
[White "An Yangfeng"]
[Black "Levitina, Irina"]
[Result "1/2-1/2"]
[WhiteElo "2280"]
[BlackElo "2350"]
[EventDate "1987.07.16"]
[PlyCount "106"]

1.d4 e6 2.c4 f5 3.Nf3 Nf6 4.g3 d5 5.Bg2 Bd6 6.O-O c6 7.b3 Qe7 8.Bb2 O-O 9.
Nbd2 b6 10.Ne5 Bb7 11.Rc1 Na6 12.cxd5 cxd5 13.Ndf3 Ne4 14.e3 Rac8 15.Rxc8 
Rxc8 16.Qb1 Nb4 17.a3 Nc6 18.b4 a5 19.bxa5 Nxa5 20.Rc1 Nc4 21.a4 Qe8 22.
Qa2 Ra8 23.Nxc4 dxc4 24.Qxc4 Rxa4 25.Qc2 Bd5 26.Nd2 Qa8 27.Nxe4 fxe4 28.
Bf1 Ra7 29.Bb5 Rc7 30.Qd1 Qa5 31.Rxc7 Bxc7 32.Qe2 Qb4 33.Kg2 Bd6 34.Ba1 
Be7 35.h4 Bf6 36.Bb2 Qb3 37.Ba1 Qa2 38.Qxa2 Bxa2 39.Bc3 Be7 40.Kf1 Bd5 41.
f3 exf3 42.Bd3 Bb3 43.Kf2 Bd1 44.Bc4 Kf7 45.e4 Be2 46.Bxe2 fxe2 47.Kxe2 g6
48.Kd3 b5 49.Ba5 Ke8 50.Bd2 Kd7 51.Bg5 Bd6 52.g4 h5 53.gxh5 gxh5 1/2-1/2

[Event "interzonal (w)"]
[Site "Smederevska Palanka YUG"]
[Date "1987.07.19"]
[Round "4"]
[White "Chaves, Joara"]
[Black "Markovic-Jovanovic, Gordana"]
[Result "0-1"]
[WhiteElo "2130"]
[BlackElo "2335"]
[EventDate "1987.07.16"]
[PlyCount "80"]

1.b3 e6 2.Bb2 b6 3.f4 Bb7 4.Nf3 Nf6 5.e3 c5 6.Be2 Be7 7.O-O O-O 8.d3 Nd5 
9.Qd2 Bf6 10.c3 Qc7 11.Na3 a6 12.Ng5 b5 13.Ne4 Be7 14.c4 bxc4 15.dxc4 Nb4 
16.Qc3 f6 17.Ng3 N8c6 18.Nc2 Nxc2 19.Qxc2 a5 20.a3 a4 21.bxa4 Nd8 22.Bd3 
f5 23.Nh5 Rf7 24.Bxg7 Rxg7 25.Nxg7 Kxg7 26.e4 Nc6 27.Rf3 Nd4 28.Rg3+ Kh8 
29.Qd1 Bh4 30.Rh3 Qxf4 31.Qh5 Rg8 32.Rxh4 Nf3+ 33.Kh1 Nxh4 34.Bf1 Qg4 35.
Qxg4 Rxg4 36.g3 fxe4 37.Be2 Nf3 38.Kg2 Rg8 39.Rb1 Bc6 40.a5 Ra8 0-1

[Event "interzonal (w)"]
[Site "Smederevska Palanka YUG"]
[Date "1987.07.19"]
[Round "4"]
[White "Gaprindashvili, Nona"]
[Black "Voiska, Margarita"]
[Result "1/2-1/2"]
[WhiteElo "2495"]
[BlackElo "2350"]
[EventDate "1987.07.16"]
[PlyCount "50"]

1.d4 Nf6 2.c4 g6 3.Nc3 Bg7 4.e4 d6 5.Be2 O-O 6.Bg5 Nbd7 7.Qd2 e5 8.d5 Nc5 
9.f3 Qd7 10.g4 Ne8 11.Be3 f5 12.exf5 gxf5 13.g5 f4 14.Bxc5 dxc5 15.Ne4 Qe7
16.Bd3 Nd6 17.Ne2 a6 18.N2c3 b5 19.Nxd6 cxd6 20.Qc2 e4 21.Bxe4 b4 22.Ne2 
Qxg5 23.Bxh7+ Kh8 24.O-O-O a5 25.Rhg1 Qe5 1/2-1/2

[Event "interzonal (w)"]
[Site "Smederevska Palanka YUG"]
[Date "1987.07.19"]
[Round "4"]
[White "Izrailov, Inna"]
[Black "De Armas Perez, Asela"]
[Result "1-0"]
[WhiteElo "2120"]
[BlackElo "2220"]
[EventDate "1987.07.16"]
[PlyCount "101"]

1.e4 c5 2.Nc3 Nc6 3.f4 d6 4.Bb5 Bd7 5.Bxc6 Bxc6 6.Nf3 Nf6 7.d3 e6 8.O-O 
Be7 9.Qe1 O-O 10.Qg3 d5 11.e5 Nh5 12.Qh3 g6 13.Ng5 h6 14.Nf3 Kh7 15.g4 Ng7
16.f5 exf5 17.Qxh6+ Kg8 18.Ng5 Bxg5 19.Bxg5 f6 20.exf6 Rxf6 21.Qh4 Kf7 22.
Bxf6 Qxf6 23.Qxf6+ Kxf6 24.Rae1 Rh8 25.Rf2 Rh4 26.gxf5 gxf5 27.Kf1 Ne6 28.
Ne2 Ng5 29.Nf4 d4 30.Ke2 Nf7 31.Rg1 Ne5 32.h3 Rh8 33.Rg3 b5 34.c3 a5 35.
cxd4 cxd4 36.Rf1 Rh4 37.Kd2 b4 38.Ne2 Ng6 39.Rc1 Ne5 40.Rc5 a4 41.Rg8 Rxh3
42.Rf8+ Ke7 43.Rxe5+ Kxf8 44.Rxf5+ Ke8 45.Nxd4 Bd7 46.Re5+ Kf7 47.Re4 Rh2+
48.Ne2 b3 49.axb3 axb3 50.Kc3 Be6 51.Nd4 1-0